مكتبة جامعة عجلون الوطنية

فهرس بحث المكتبة

Normal view MARC view
  • اسيا - افريقيا - استراليا - الجغرافيا الأقليمية - قارات

Entry Topical Term

Number of records used in: 1

001 - CONTROL NUMBER

  • control field: 15744

003 - CONTROL NUMBER IDENTIFIER

  • control field: JO-AjAnu

005 - DATE AND TIME OF LATEST TRANSACTION

  • control field: 20230606072818.0

008 - FIXED-LENGTH DATA ELEMENTS

  • fixed length control field: 230606|| aca||aabn | a|a d

040 ## - CATALOGING SOURCE

  • Original cataloging agency: JO-AjAnu
  • Transcribing agency: JO-AjAnu

150 ## - HEADING--TOPICAL TERM

  • Topical term or geographic name entry element: اسيا - افريقيا - استراليا - الجغرافيا الأقليمية - قارات

670 ## - SOURCE DATA FOUND

  • Source citation: Work cat.: (JO-AjAnu)8085: تاليف السلطان، يوسف محمد ، م.مشارك عبد علي حسن الخفاف، م.مشارك عبد الحميد عبد المجيد القيسي, author 15743, الجغرافية الأقليمية للقارات: آسيا - افريقيا - استراليا